History Quiz

Random History or Clickable Quiz
Score 0/25 Timer 07:00
3 Plays Today
% Correct
Marx
95.1%
Descartes
87.8%
Kant
84.3%
Nietzsche
81.1%
Locke
79.8%
Sartre
79.2%
Rousseau
77.7%
Kierkegaard
75.6%
Keynes
75.2%
Russell
73.2%
de Beauvoir
72.6%
Camus
71.9%
Mill
70.8%
% Correct
Hobbes
70.5%
Hume
70%
Wollstonecraft
62.8%
Bentham
59.4%
Wittgenstein
56.1%
Foucault
53.1%
Comte
48.2%
de Spinoza
42.9%
Hegel
42.8%
Schopenhauer
40%
Durkheim
34.2%
Husserl
27.1%
Remove Ads.
Support Sporcle.
Get the best of Sporcle when you Go Orange. This ad-free experience offers more features, more stats, and more fun while also helping to support Sporcle. Thank you for becoming a member.

You're not logged in!

Compare scores with friends on all Sporcle quizzes.
OR
Log In

Show Comments

Extras

Top Quizzes Today


Score Distribution

Your Account Isn't Verified!

In order to create a playlist on Sporcle, you need to verify the email address you used during registration. Go to your Sporcle Settings to finish the process.

Report this User

Report this user for behavior that violates our Community Guidelines.

Details: